000 00628nam a2200205Ia 4500
003 GCL
005 20240530103034.0
008 140319s9999 xx 000 0 ara d
020 _a9770702757
040 _aGCL /
_cGCL
082 0 4 _aق
_b915.3
_bج ع
100 1 _aجمال حمدان
245 1 2 _aالعالم الاسلامى المعاصر /
_cجمال حمدان
260 _a[S.N] :
_bدار الهلال للطباعة والنشر ،
_c1993
300 _a252 ص ؛
_c16 سم.
490 _aكتاب الهلال
_v0
650 0 4 _aالجغرافيا
650 0 4 _aالعالم الاسلامى
942 _2ddc
_cBK
999 _c36350
_d36350